000 00639nam a2200229Ia 4500
003 OSt
005 20221006145445.0
006 a|||||r|||| 00| 0
007 ta
008 221006b |||||||| |||| 00| 0 eng d
024 _a14,885
037 _bGift,
_cTextual
040 _aEASL
_cEASL
_beng
041 _2eng
_aeng
082 _aO41,3(Y:438).N45, 111L9-;1
100 _aCHING Yuan
_9654336
245 0 _aDaughters and sons
260 _aPeking
_bForeign Languages Press
_c1979
300 _a282p.
_ccm.
942 _hO41,3(Y:438).N45, 111L9-;1
_cTEXL
_2CC
999 _c1082971
_d1082971